000 00601nam a2200229Ia 4500
003 OSt
005 20220928144225.0
006 a|||||r|||| 00| 0
007 ta
008 220927b |||||||| |||| 00| 0 eng d
024 _a63672
037 _cTextual
040 _aSDCL
_cSDCL
_beng
041 _2eng
_aeng
082 _aO-:g(Y15), M4
100 _aMcconnell Ed.
_9507420
245 0 _aWomen and language in literature and society.
260 _c1984
700 _a Ginet Ed.
_9507421
942 _hO-:g(Y15), M4
_cTEXL
_2CC
999 _c826787
_d826787